000 00820nam a22002297a 4500
999 _c57599
_d57599
005 20221105195001.0
008 200812s2020 enk||||| |||| 00| 0 eng d
020 _a9781259644818 1
041 _aeng
080 _a616-053 G-80
245 _aGomella's Neonatology :
_bmanagement, Procedures, On-call Problems, Diseases, and Drugs
250 _aEighth Edition
264 _aNew York :
_bMcGraw-Hill Education,
_c2020.
300 _a1439 p.
_bill.
_c22 cm.
653 _aმედიცინა
653 _aპედიატრია
653 _aნეონატალოგია
700 _aGomella, Tricia
_eრედაქტორი
_99176
700 _aEyal, Fabien
_eრედაქტორი
_99177
700 _a Bany-Mohammed, Fayez
_eრედაქტორი
_99178
942 _2udc
_cBK